| 000 | 00806nam a22002057a 4500 | ||
|---|---|---|---|
| 999 |
_c9483 _d9483 |
||
| 003 | AR-CdUCM | ||
| 008 | 190328b ||||| |||| 00| 0 spa d | ||
| 040 |
_aMUNICIPALIDAD PROVINCIAL DEL CUSCO _cBIBLIOTECA MUNICIPAL DEL CUSCO |
||
| 082 |
_aC / 985.61 / _bY47 |
||
| 100 |
_aYépez Miranda, Alfredo _94230 |
||
| 245 |
_aLa Universidad Interamericana del Cuzco : _bHomenaje al XXXVI Congreso Internacional de Americanistas que se realizará en Barcelona, Madrid y Sevilla, en Setiembre de 1964 / |
||
| 260 |
_aCusco : _c1964. |
||
| 300 |
_a30 páginas ; _c24 cm. |
||
| 505 | _aContenido: Congreso internacional de Americanistas. | ||
| 650 |
_aCongreso internacional de Americanistas _925701 |
||
| 650 |
_aUniversidad Interamericana _925702 |
||
| 650 |
_aCusco _9772 |
||
| 942 |
_2ddc _cLIBROS |
||
| 945 | _adavv | ||